| 000 | 01256nam a2200253 a 4500 | ||
|---|---|---|---|
| 005 | 20191224042314.0 | ||
| 008 | 161124s2009 ck ||||r|||| 00| 0 spa d | ||
| 020 | _a9789588594 | ||
| 040 |
_aCO-BoIAVH _cCO-BoIAVH |
||
| 041 | 0 | _aspa | |
| 044 | _ack | ||
| 082 | 0 | 4 |
_a333.9507 _bC74i |
| 111 | 2 |
_aCongreso Internacional de Biodiversidad en la Cuenca del Orinoco _n(1 _d2009 : _cVillavicencio, Meta) |
|
| 245 | 1 | 2 |
_aI Congreso Internacional de Biodiversidad de la Cuenca del Orinoco : _bLibro de resúmenes / |
| 260 |
_aVillavicencio, Colombia : _bUniversidad de los Llanos, Programa de Biología, Instituto de Investigaciones de la Orinoquia, _c2009. |
||
| 300 |
_a128 páginas ; _c23 x 17 cm. |
||
| 650 | 1 | 6 |
_aBiodiversidad _zOrinoquia (Región, Colombia) _vCongresos, conferencias, etc. |
| 650 | 2 | 6 |
_aRecursos genéticos _zOrinoquia (Región, Colombia) _vCongresos, conferencias, etc. |
| 650 | 2 | 4 |
_aEcosistemas _zOrinoquia (Región, Colombia) _vCongresos, conferencias, etc. |
| 650 | 2 | 6 |
_aFauna _zOrinoquia (Región, Colombia) _vCongresos, conferencias, etc. |
| 650 | 2 | 6 |
_aFlora _zOrinoquia (Región, Colombia) _vCongresos, conferencias, etc. |
| 710 | 2 | _aUniversidad de los Llanos | |
| 942 |
_2ddc _cLIBRO |
||
| 999 |
_c19141 _d19141 |
||